Courts, judges, and politics : (Record no. 4649)

MARC details
000 -LEADER
fixed length control field 01079pam a2200205 a 4500
020 ## - INTERNATIONAL STANDARD BOOK NUMBER
ISBN 0394347404 (pbk.) :
020 ## - INTERNATIONAL STANDARD BOOK NUMBER
ISBN 9780394347400
050 00 - CALL NUMBER
Classification number KF8700.A7
Item number C67
245 00 - TITLE
Title Courts, judges, and politics :
Remainder of title an introduction to the judicial process /
Statement of responsibility, etc [edited by] Walter F. Murphy, C. Herman Pritchett.
250 ## - EDITION
Edition statement 4th ed.
260 ## - PUBLICATION INFORMATION
Place of publication New York :
Name of publisher Random House,
Year of publication c1986.
300 ## - DESCRIPTION
Number of Pages xiv, 657 p. ;
Dimensions 24 cm.
500 ## - NOTES
General note Includes case index.
505 ## - FORMATTED CONTENTS NOTE
Table of Content Political jurisprudence --<br/>Courts and social policy --<br/>Judicial organization --<br/>Judicial Recruitment and Selection --<br/>Access to judicial power --<br/>Instruments of judicial power --<br/>Limitations on judicial power --<br/>The impact of Judicial decisions --<br/>Fact finding in the courts<br/>Precedents and legal reasoning --<br/>Statutory interpretation --<br/>Constitutional interpretation --<br/>The processes of judicial decision making --<br/>The Search for standards -
650 #0 - SUBJECTS
Topical Term Judicial process
650 #0 - SUBJECTS
Topical Term Law
General subdivision Political aspects.
700 1# - OTHER AUTHORS
Personal name Murphy, Walter F.,
700 1# - OTHER AUTHORS
Personal name Pritchett, C. Herman
942 ## - ADDED ENTRY ELEMENTS (KOHA)
Koha item type Books
Holdings
Withdrawn status Lost status Collection code Home library Current library Shelving location Date acquired Full call number Accession Number Koha item type
    Reference Methodist University Law Library Methodist University Law Library General Stacks   KF8700.A7 C67 18006 Reference
    Reference Methodist University Law Library Methodist University Law Library General Stacks   KF8700.A7 C67 27161 Reference
    Reference Methodist University Law Library Methodist University Law Library General Stacks   KF8700.A7 C67 18005 Reference
    Reference Methodist University Law Library Methodist University Law Library General Stacks   KF8700.A7 C67 27162 Reference
    Reference Methodist University Law Library Methodist University Law Library General Stacks   KF8700.A7 C67 18004 Reference
Copyright © 2026  MUG Library